Számviteli csalások - A könyvviteli szolgáltatók, mint kiemelt érintettek felelőssége

Bibliographic Details
Main Author: Csernus Edit
Other Authors: Sisa Dr Krisztina
Format: Thesis
Kulcsszavak:Számvitel
Csalás
Könyvvizsgálat
Online Access:http://dolgozattar.uni-bge.hu/13933

MARC

LEADER 00000nta a2200000 i 4500
001 dolg13933
005 20171213081658.0
008 171213suuuu hu om 000 hun d
040 |a BGE Dolgozattár Repozitórium  |b hun 
041 |a hu 
100 1 |a Csernus Edit 
245 1 0 |a Számviteli csalások - A könyvviteli szolgáltatók, mint kiemelt érintettek felelőssége  |c Csernus Edit  |h [elektronikus dokumentum] 
695 |a Számvitel  
695 |a Csalás 
695 |a Könyvvizsgálat 
700 1 |a Sisa Dr Krisztina  |e ths 
856 4 0 |u http://dolgozattar.uni-bge.hu/13933/1/nyilatkozat_szakdolgozat_Csernus%20Edit.pdf  |z Dokumentum-elérés